Science Quiz

Random Science or Discovery Quiz

Inventors with Their Inventions Quiz Stats

 Plays Quiz Updated Dec 11, 2017

Challenge
Share
Tweet
Score 0/20 Timer 04:00
7 Plays Today
% Correct
Steve Jobs
(iPod)
94.7%
Orville and Wilbur Wright
(Powered Airplane)
94%
Ernő Rubik
(Rubik's Cube)
90%
James Dyson
(Bagless Vacuum Cleaner)
81.9%
Karl Benz
(Motorcar)
81.2%
Jacques Cousteau
(Aqualung)
80.4%
Elon Musk
(Dragon Spacecraft)
78.1%
Benjamin Franklin
(Lightning Rod)
77.7%
Les Paul
(Electric Guitar)
77.6%
Thomas Edison
(Incandescent Light Bulb)
71.7%
% Correct
Stephanie Kwolek
(Kevlar)
71.6%
James Naismith
(Basketball)
70.7%
Alexander Graham Bell
(Telephone)
69%
Tim Berners-Lee
(World Wide Web)
66.2%
Samuel Morse
(Telegraph)
64.3%
László Bíró
(Ballpoint Pen)
63.3%
Marion Donovan
(Waterproof Diaper)
57.6%
Guglielmo Marconi
(Radio)
56.2%
Dean Kamen
(Segway)
54.6%
Philo Farnsworth
(Electronic Television)
50%

You're not logged in!

Compare scores with friends on all Sporcle quizzes.
Join for Free
OR
Log In

You Might Also Like...

Show Comments

Extras

Top Quizzes Today


Score Distribution

Your Account Isn't Verified!

In order to create a playlist on Sporcle, you need to verify the email address you used during registration. Go to your Sporcle Settings to finish the process.

Report this User

Report this user for behavior that violates our Community Guidelines.

Details: